Dermatologic and cosmetic procedures in office practice/ (Record no. 120504)

MARC details
000 -LEADER
fixed length control field 01057nam a2200313 a 4500
008 - FIXED-LENGTH DATA ELEMENTS--GENERAL INFORMATION
fixed length control field
020 ## - INTERNATIONAL STANDARD BOOK NUMBER
International Standard Book Number 9781437705805 (hardback)
040 ## - CATALOGING SOURCE
Original cataloging agency NUST
Transcribing agency NUST
049 ## - LOCAL HOLDINGS (OCLC)
Holding library MAIN
090 ## - LOCALLY ASSIGNED LC-TYPE CALL NUMBER (OCLC); LOCAL CALL NUMBER (RLIN)
Classification number (OCLC) (R) ; Classification number, CALL (RLIN) (NR) RD520
Local cutter number (OCLC) ; Book number/undivided call number, CALL (RLIN) DER
003 - CONTROL NUMBER IDENTIFIER
control field
005 - DATE AND TIME OF LATEST TRANSACTION
control field 20230120204303.0
245 10 - TITLE STATEMENT
Title Dermatologic and cosmetic procedures in office practice/
Statement of responsibility, etc. Richard P Usatine ; John L Pfenninger ; Daniel L Stulberg & Rebecca Small.
260 ## - PUBLICATION, DISTRIBUTION, ETC.
Place of publication, distribution, etc. Philadelphia, PA :
Name of publisher, distributor, etc. Elsevier/Saunders,
Date of publication, distribution, etc. 2012.
300 ## - PHYSICAL DESCRIPTION
Extent xvi, 527 pages :
Other physical details colour illustrations ;
Dimensions 29 cm.
336 ## - CONTENT TYPE
Content type term text
Content type code txt
Source rdacontent
337 ## - MEDIA TYPE
Media type term unmediated
Media type code n
Source rdamedia
338 ## - CARRIER TYPE
Carrier type term volume
Carrier type code nc
Source rdacarrier
500 ## - GENERAL NOTE
General note Includes index.
650 #1 - SUBJECT ADDED ENTRY--TOPICAL TERM
Topical term or geographic name entry element Medical offices.
650 ## - SUBJECT ADDED ENTRY--TOPICAL TERM
Topical term or geographic name entry element Skin
General subdivision Surgery.
650 ## - SUBJECT ADDED ENTRY--TOPICAL TERM
Topical term or geographic name entry element Surgery, Plastic.
700 ## - ADDED ENTRY--PERSONAL NAME
Personal name Usatine, Richard P.,
-- author.
700 ## - ADDED ENTRY--PERSONAL NAME
Personal name Pfenninger, John L.,
-- author.
700 ## - ADDED ENTRY--PERSONAL NAME
Personal name Stulberg, Daniel L.,
-- author.
700 ## - ADDED ENTRY--PERSONAL NAME
Personal name Small, Rebecca.,
-- author.
907 ## - LOCAL DATA ELEMENT G, LDG (RLIN)
a .b10403309
b 02-06-21
c 02-06-21
942 ## - ADDED ENTRY ELEMENTS (KOHA)
Koha item type Ordinary Loan Books
Call number prefix RD520
Call number suffix DER
Holdings
Date last seen Total Checkouts Full call number Barcode Cost, replacement price Price effective from Koha item type Lost status Source of classification or shelving scheme Damaged status Not for loan Collection Withdrawn status Home library Current library Shelving location Date acquired Cost, normal purchase price
01/20/2023   RD520 USA 92004047862 80.00 01/20/2023 BOOKS   LCC     NFIC   MEDICAL MEDICAL GEN 01/20/2023 80.00